Statistics for Born in Santa Monica/California

Click here to take the quiz!

General Stats

  • This quiz has been taken 13 times
    (4 since last reset)
  • The average score is 4 of 26

Answer Stats

HintAnswer% Correct
Actor, "Spider-Man" "The Great Gatsby" "The Cider House Rules"1975Tobey Maguire
100%
Actor and comedian, "Kung Fu Panda" "School of Rock" "Jumanji: Welcome to the Jungle"1969Jack Black
50%
Actress, "Halloween" "True Lies" "Knives Out" "Everything Everywhere All at Once"1958Jamie Lee Curtis
50%
Actor, director and one of the founders of the Sundance Film Festival, "All the President's Men" "Ordinary People" "Butch Cassidy and the Sundance Kid" "The Sting" 1936Robert Redford
50%
Actor, "The Lord of the Rings" "The Goonies" "Rudy" "Stranger Things"1971Sean Astin
50%
Actor and director, "Milk" "Mystic Rivers" "I Am Sam"1960Sean Penn
50%
She was Hollywood's number one box-office draw as a child actrees in the 1930s and later served as a diplomat1928Shirley Temple
50%
Actor, "Saving Private Ryan" "A Beautiful Mind" "Fargo" "Zodiac"1970Adam Goldberg
0%
Actress, known for her role as Lily Tucker-Pritchett in "Modern Family"2007Aubrey Anderson-Emmons
0%
Rapper, "I Don't Fuck with You" "Bounce Back" "Blessings"1988Big Sean
0%
Actor, best known for his role as Warden Norton in "The Shawshank Redemption"1945Bob Gunton
0%
Former defensive end who played for the Rams, Patriots and Eagles1985Chris Long
0%
Actress, "The Addams Family" "Casper" "Sleepy Hollow"1980Christina Ricci
0%
Director of "Nightcrawler"1959Dan Gilroy
0%
Actress, "Doctor Zhivago" "Nashville" "Chaplin" "The Crown"1944Geraldine Chaplin
0%
Actress, known for her roles as Katie Cooper in "Alexa & Katie" and Veronica Duncan in "Young Sheldon"2000Isabel May
0%
Actor, "No Country for Old Men" "Avengers: Infinity War" "Dune" "True Grit"1968Josh Brolin
0%
Power forward who plays for the Cleveland Cavaliers1988Kevin Love
0%
Actor, known for his roles as Bil Haverchuck in "Freaks and Geeks" and Roger Harrington in the Marvel "Spider-Man" films1982Martin Starr
0%
Pitcher who plays for the Atlanta Braves1994Max Fried
0%
Actor, "RoboCop" "Twin Peaks" "Traffic" "Crossing Jordan"1955Miguel Ferrer
0%
Actress and granddaughter of Elvis Presley, "Mad Max: Fury Road" "Zola" "Logan Lucky" "The Devil All the Time"1989Riley Keough
0%
Actress, known for her roles as Darlene Conner in "Roseanne" and Leslie Winkle in "The Big Bang Theory"1975Sara Gilbert
0%
Senior advisor to the President from 2017 to 20211985Stephen Miller
0%
Actress and dancer, "Zola" "Ma Rainey's Black Bottom" "Hit the Floor"1990Taylour Paige
0%
Actor, known for his role as Scott McCall in "Teen Wolf"1991Tyler Posey
0%

Score Distribution

Percentile by Number Answered

Percent of People with Each Score

Your Score History

You have not taken this quiz since the last reset